[Event "?"]
[Site "?"]
[Date "2011.08.12"]
[Round "1.1"]
[White "Mladenov, Svetlin"]
[Black "Sharifi Shamili, Ashkan"]
[Result "1/2-1/2"]
[WhiteElo "2406"]
[BlackElo "1913"]
[PlyCount "79"]
[EventDate "2011.??.??"]
[WhiteTeam "SV Wattenscheid 1930"]
[BlackTeam "Düsseldorfer SK 14/25 e."]

1. e4 c5 2. Nf3 d6 3. d4 cxd4 4. Nxd4 Nf6 5. Nc3 g6 6. Be3 Bg7 7. f3 a6 8. Qd2
b5 9. Bh6 Bxh6 10. Qxh6 Bb7 11. O-O-O Nbd7 12. Kb1 Rc8 13. Bd3 Qb6 14. Nb3 Ne5
15. Rhe1 Nc4 16. Bxc4 Rxc4 17. Nd5 Nxd5 18. exd5 Qf2 19. Nd2 Qh4 20. Qe3 Rc7
21. Ne4 O-O 22. g3 Qh5 23. h4 Bxd5 24. Ng5 Bb7 25. g4 Qh6 26. h5 Rfc8 27. Re2
Qg7 28. hxg6 Qxg6 29. Rdd2 Rc5 30. f4 h6 31. Nh3 R8c7 32. Re1 Rc4 33. f5 Qg7
34. Nf2 Qg5 35. Qd3 Qf4 36. Nh3 Qf3 37. Re3 Qh1+ 38. Rd1 Qg2 39. Re2 Qf3 40.
Re3 1/2-1/2

[Event "?"]
[Site "?"]
[Date "2011.08.12"]
[Round "1.2"]
[White "Esser, Thomas"]
[Black "Heinert, Eugen"]
[Result "0-1"]
[WhiteElo "1910"]
[BlackElo "2107"]
[PlyCount "68"]
[EventDate "2011.??.??"]
[WhiteTeam "SV Horrem 1948"]
[BlackTeam "OSC Rheinhausen 04 e.V."]

1. e4 e6 2. d4 d5 3. Nc3 Nf6 4. Bg5 Be7 5. e5 Nfd7 6. Bxe7 Qxe7 7. f4 a6 8. Nf3
c5 9. Qd2 Nc6 10. O-O-O O-O 11. h4 f6 12. exf6 Nxf6 13. dxc5 Qxc5 14. Nd4 Bd7
15. Be2 b5 16. Bf3 b4 17. Nce2 Na5 18. Nb3 Nxb3+ 19. axb3 Rfc8 20. Nd4 a5 21.
Kb1 a4 22. bxa4 Rxa4 23. b3 Ra1+ 24. Kxa1 Qa5+ 25. Kb2 Qa3+ 26. Kb1 Ra8 27. c3
Qa1+ 28. Kc2 Ra2+ 29. Kd3 Rxd2+ 30. Kxd2 bxc3+ 31. Kd3 Qb2 32. Rhe1 Bc8 33. Ke3
c2 34. Rc1 Qc3+ 0-1

[Event "?"]
[Site "?"]
[Date "2011.08.12"]
[Round "1.3"]
[White "Bub, Volker"]
[Black "Voigt, Ingrid"]
[Result "1-0"]
[WhiteElo "2100"]
[BlackElo "1906"]
[PlyCount "85"]
[EventDate "2011.??.??"]
[WhiteTeam "SC Tornado 86 Hochneukirch"]
[BlackTeam "SVigung Düren 13 Deric"]

1. Nf3 e6 2. d3 d5 3. g3 Nf6 4. Bg2 Be7 5. O-O O-O 6. Nbd2 Nbd7 7. e4 e5 8. Qe2
dxe4 9. dxe4 c6 10. Nc4 Qc7 11. Nh4 Re8 12. Nf5 Bc5 13. Rd1 b5 14. Ncd6 Re6 15.
Nxc8 Rxc8 16. Bh3 Ree8 17. Nxg7 Kxg7 18. Bxd7 Red8 19. Bf5 Rxd1+ 20. Qxd1 Rd8
21. Qf3 Qd6 22. Kg2 h6 23. h4 Rh8 24. a4 b4 25. a5 Rd8 26. g4 Nh7 27. Bxh7 Kxh7
28. Qxf7+ Kh8 29. Qh5 Rf8 30. Bxh6 Rxf2+ 31. Kg3 Kg8 32. g5 Rxc2 33. Rf1 Qd3+
34. Rf3 Bf2+ 35. Kh3 Qd7+ 36. Qg4 Qxg4+ 37. Kxg4 Bc5 38. g6 Rxb2 39. Rf6 b3 40.
Rxc6 Rg2+ 41. Kh5 Bf8 42. Rc8 Rf2 43. g7 1-0

[Event "?"]
[Site "?"]
[Date "2011.08.12"]
[Round "1.4"]
[White "Dickmann, Thomas"]
[Black "Schmidt, Johannes"]
[Result "0-1"]
[WhiteElo "1906"]
[BlackElo "2100"]
[PlyCount "52"]
[EventDate "2011.??.??"]
[WhiteTeam "SV Wesel 1928 e.V."]
[BlackTeam "SC Turm Illingen"]

1. c4 e6 2. g3 Nf6 3. Nc3 d5 4. Bg2 Be7 5. Nf3 d4 6. Nb5 Nc6 7. O-O e5 8. d3
O-O 9. a4 Bf5 10. Nh4 Be6 11. f4 exf4 12. Bxf4 Ne8 13. Nf3 a6 14. Na3 Bd6 15.
Bd2 Bc5 16. Nc2 a5 17. Qe1 Qe7 18. Qf2 Rd8 19. Ng5 Bxc4 20. Bxc6 bxc6 21. dxc4
Nd6 22. Nxd4 Nxc4 23. e3 Qxg5 24. Rac1 Nxd2 25. Qxd2 Bxd4 26. Rf4 Be5 0-1

[Event "?"]
[Site "?"]
[Date "2011.08.12"]
[Round "1.5"]
[White "Tochtenhagen, Wolfgang"]
[Black "Viganske, Christian"]
[Result "1/2-1/2"]
[WhiteElo "2077"]
[BlackElo "1893"]
[PlyCount "60"]
[EventDate "2011.??.??"]
[WhiteTeam "DJK Aufwärts St. Josef Aachen 19"]
[BlackTeam "SK Turm Euskirchen 65"]

1. e4 c5 2. Nf3 d6 3. d4 cxd4 4. Nxd4 Nf6 5. Nc3 g6 6. Be3 Bg7 7. f3 O-O 8. Bc4
Nc6 9. Qd2 Bd7 10. O-O-O Rc8 11. Bb3 Ne5 12. Kb1 Nc4 13. Bxc4 Rxc4 14. h4 h5
15. Nce2 Qc7 16. c3 Rd8 17. Bh6 e5 18. Bxg7 Kxg7 19. Nf5+ Bxf5 20. exf5 d5 21.
g4 hxg4 22. h5 Nxh5 23. Rxh5 gxh5 24. Qg5+ Kf8 25. Ng3 gxf3 26. Nxh5 f2 27. Nf6
Rf4 28. Nh7+ Ke8 29. Nf6+ Kf8 30. Nh7+ Ke8 1/2-1/2

[Event "?"]
[Site "?"]
[Date "2011.08.12"]
[Round "1.6"]
[White "Budszuhn, Timo"]
[Black "Ivic, Roman"]
[Result "1-0"]
[WhiteElo "1886"]
[BlackElo "2044"]
[PlyCount "71"]
[EventDate "2011.??.??"]
[WhiteTeam "SG Bochum 1931"]
[BlackTeam "DJK Aufwärts St. Josef Aachen 19"]

1. e4 e5 2. Nf3 Nc6 3. d4 f5 4. Nxe5 Nxe5 5. dxe5 Qe7 6. exf5 Qxe5+ 7. Qe2 d6
8. Qxe5+ dxe5 9. Bd3 Bb4+ 10. Bd2 Bxd2+ 11. Nxd2 Ne7 12. Nf3 O-O 13. Nxe5 Re8
14. O-O-O Nxf5 15. Rhe1 Nd6 16. Nc4 Be6 17. Nxd6 cxd6 18. Bb5 Re7 19. Rxd6 Kf7
20. Rdxe6 Rxe6 21. Bc4 Rae8 22. Rxe6 Rxe6 23. Kd2 g5 24. Kd3 Kf6 25. Bxe6 Kxe6
26. Ke4 h6 27. c4 b6 28. b4 a6 29. h3 h5 30. g4 hxg4 31. hxg4 a5 32. a3 a4 33.
f4 gxf4 34. Kxf4 Kf6 35. g5+ Ke6 36. Ke4 1-0

[Event "?"]
[Site "?"]
[Date "2011.08.12"]
[Round "1.7"]
[White "Evers, Leo"]
[Black "Weißhuhn, Gunnar"]
[Result "1-0"]
[WhiteElo "2039"]
[BlackElo "1886"]
[PlyCount "123"]
[EventDate "2011.??.??"]
[WhiteTeam "SG Porz e.V."]
[BlackTeam "SK Turm Euskirchen 65"]

1. d4 Nf6 2. c4 c5 3. d5 b5 4. cxb5 a6 5. f3 e5 6. e4 d6 7. Nc3 Be7 8. a4 O-O
9. Be3 Ne8 10. Qd2 f5 11. Bc4 f4 12. Bf2 Kh8 13. Ra3 g5 14. h3 Nd7 15. Nge2 Nc7
16. Nc1 Rf6 17. Nb3 Rh6 18. Na5 Qe8 19. Nc6 Bf8 20. Qe2 Nf6 21. b6 Ne6 22. dxe6
Qxc6 23. a5 Bb7 24. O-O Qe8 25. Rd1 Rg6 26. Nd5 Qxe6 27. Nc7 Qc8 28. Be6 Qb8
29. Rad3 Ne8 30. Bf5 Nxc7 31. bxc7 Qxc7 32. Bxg6 hxg6 33. Rb3 Bc6 34. Rb6 Bb5
35. Qd2 Qf7 36. Qd5 Qxd5 37. Rxd5 Kg7 38. Be1 Rc8 39. Bc3 Rc7 40. Rxe5 Kf7 41.
Rd5 Be7 42. e5 dxe5 43. Bxe5 Rc8 44. Rd2 c4 45. Rb7 Ke6 46. Bd4 Bb4 47. Re2+
Kd5 48. Bc3 Bc5+ 49. Kf1 Kc6 50. Rg7 Be3 51. Rxg6+ Kb7 52. Rxg5 Rd8 53. Re1 Ba4
54. Re5 Rd3 55. g4 Bd1 56. Kg2 Bc1 57. Rxd1 Rxd1 58. g5 Be3 59. h4 Rg1+ 60. Kh2
Rg3 61. Re7+ Kc6 62. Rxe3 1-0

[Event "?"]
[Site "?"]
[Date "2011.08.12"]
[Round "1.8"]
[White "Mass, Elvira"]
[Black "Lopatin, Olga"]
[Result "1-0"]
[WhiteElo "1884"]
[BlackElo "2016"]
[PlyCount "71"]
[EventDate "2011.??.??"]
[WhiteTeam "Godesberger SK 1929 e.V."]
[BlackTeam "Schachges. Augsburg 1873"]

1. Nf3 b5 2. g3 Bb7 3. Bg2 g6 4. O-O Bg7 5. d3 Nh6 6. e4 O-O 7. c3 a5 8. Nbd2
Nc6 9. d4 b4 10. Nb3 Ba6 11. Re1 bxc3 12. bxc3 d6 13. a4 Bb7 14. Bd2 e5 15. d5
Ne7 16. Rb1 Bc8 17. Qc1 Ng4 18. h3 Nf6 19. c4 Bd7 20. Nxa5 Bxa4 21. Nb7 Qc8 22.
c5 Ne8 23. c6 f5 24. Ng5 Bh6 25. Ne6 Bxd2 26. Qxd2 Rf6 27. exf5 Nxf5 28. Qc3
Nfg7 29. Nxg7 Kxg7 30. f4 Qf5 31. fxe5 dxe5 32. Qxe5 Qf2+ 33. Kh1 Bb5 34. Rb2
Qb6 35. Reb1 Ra3 36. Qe7+ 1-0

[Event "?"]
[Site "?"]
[Date "2011.08.12"]
[Round "1.9"]
[White "Freundlieb, Thomas"]
[Black "Zilberman, Rodion"]
[Result "1-0"]
[WhiteElo "2016"]
[BlackElo "1868"]
[PlyCount "69"]
[EventDate "2011.??.??"]
[WhiteTeam "SV Bergneustadt/Dersch"]
[BlackTeam "SF Köln-Longerich 195"]

1. d4 g6 2. Nf3 Bg7 3. e4 d6 4. Nc3 Nf6 5. Be3 c6 6. Qd2 Ng4 7. Bg5 f6 8. Bh4
Nh6 9. h3 Nf7 10. Bc4 e6 11. Rd1 Bh6 12. Qe2 g5 13. Bg3 Qe7 14. O-O Na6 15.
Rfe1 b5 16. Nxb5 cxb5 17. Bxb5+ Bd7 18. Bxd7+ Qxd7 19. Qxa6 O-O 20. e5 fxe5 21.
dxe5 d5 22. c4 Rab8 23. cxd5 Rb6 24. Qe2 Qa4 25. b3 Qa5 26. dxe6 Rxe6 27. Nd4
Ra6 28. e6 Nh8 29. e7 Re8 30. Qb5 Kf7 31. Qc4+ Kg6 32. Bc7 Qa3 33. Re6+ Rxe6
34. Qxe6+ Kh5 35. g4+ 1-0

[Event "?"]
[Site "?"]
[Date "2011.08.12"]
[Round "1.10"]
[White "Schüller, Tobias"]
[Black "Eigemann, Frederik"]
[Result "1/2-1/2"]
[WhiteElo "1852"]
[BlackElo "2014"]
[PlyCount "82"]
[EventDate "2011.??.??"]
[WhiteTeam "Eschweiler SC 1921 e.V."]
[BlackTeam "SG Porz e.V."]

1. d4 d5 2. c3 Nf6 3. Bf4 Bf5 4. Qb3 Qc8 5. h3 e6 6. Nf3 h6 7. e3 Nbd7 8. Nbd2
c5 9. a4 Be7 10. Be2 O-O 11. O-O b6 12. Rfe1 c4 13. Qa2 a6 14. b4 b5 15. a5 Bg6
16. Ne5 Nxe5 17. Bxe5 Nd7 18. Bh2 Qe8 19. Bd1 Ra7 20. Bc2 Bxc2 21. Qxc2 f5 22.
Be5 Qh5 23. Qd1 Qxd1 24. Raxd1 Kh7 25. f3 Bh4 26. Re2 Nxe5 27. dxe5 Bg3 28. f4
Bh4 29. Nf3 Bd8 30. Nd4 Re8 31. g4 g6 32. Rg2 Rf7 33. Rf1 Bc7 34. gxf5 gxf5 35.
Kf2 Bb8 36. Rfg1 Ba7 37. Nf3 Ree7 38. h4 Rg7 39. Nd4 Bxd4 40. exd4 Rxg2+ 41.
Rxg2 Rg7 1/2-1/2

[Event "?"]
[Site "?"]
[Date "2011.08.12"]
[Round "1.11"]
[White "Hayward, Alan"]
[Black "Lucaßen, Mickey"]
[Result "0-1"]
[WhiteElo "1977"]
[BlackElo "1850"]
[PlyCount "78"]
[EventDate "2011.??.??"]
[BlackTeam "SV Wesel 1928 e.V."]

1. d4 Nf6 2. Nc3 e6 3. e4 d5 4. e5 Nfd7 5. Qh5 c5 6. Nf3 g6 7. Qg4 h5 8. Qg3
Nc6 9. Bd3 Ne7 10. Bg5 c4 11. Be2 Qb6 12. O-O-O Qa5 13. Nh4 b5 14. a3 Rb8 15.
Kd2 Nb6 16. Rb1 Na4 17. b4 cxb3 18. cxb3 Nxc3 19. Qxc3 b4 20. axb4 Rxb4 21. Kc2
Bb7 22. Ra1 Qb6 23. Bf6 Nc6 24. Nf3 Rg8 25. Rhd1 Kd7 26. h4 Bh6 27. Qd3 Rc8 28.
Kb2 a5 29. Ra3 a4 30. Bg5 Bf8 31. Bd2 Rc4 32. b4 Nxb4 33. Qb1 Nc2+ 34. Ka2 Qc6
35. Bxc4 Qxc4+ 36. Rb3 axb3+ 37. Qxb3 Ra8+ 38. Kb2 Ba3+ 39. Ka2 Bc1+ 0-1

[Event "?"]
[Site "?"]
[Date "2011.08.12"]
[Round "1.12"]
[White "Jordans, Ralph"]
[Black "Lambertz, Michael"]
[Result "0-1"]
[WhiteElo "1848"]
[BlackElo "1971"]
[PlyCount "134"]
[EventDate "2011.??.??"]
[WhiteTeam "Ford-SF Köln e.V."]
[BlackTeam "SF Esch e.V."]

1. c4 c5 2. Nf3 Nf6 3. Nc3 d5 4. cxd5 Nxd5 5. g3 Nc6 6. Bg2 Nc7 7. O-O e5 8. d3
Be7 9. Be3 Bd7 10. Rc1 Rc8 11. Ne4 b6 12. Ned2 O-O 13. Nc4 f6 14. Nfd2 Nb4 15.
Ne4 Be6 16. a3 Nbd5 17. Bd2 Nb5 18. f4 exf4 19. gxf4 Nd4 20. Ng3 Qd7 21. e4 Nc7
22. f5 Bf7 23. Bf4 Rfd8 24. Qg4 Nc6 25. Rcd1 b5 26. Bh6 Ne8 27. Ne3 Ne5 28. Qh3
gxh6 29. Ng4 Nxg4 30. Qxg4+ Kh8 31. Ne2 Ng7 32. e5 Bh5 33. Qe4 Bxe2 34. Qxe2
Rg8 35. e6 Qd4+ 36. Kh1 Bd6 37. Be4 Ne8 38. Qh5 Rc7 39. Rg1 Rcg7 40. Rxg7 Nxg7
41. Qf7 Qf2 42. Bg2 Qf4 43. Kg1 Qxh2+ 44. Kf1 Qh5 45. Qxh5 Nxh5 46. d4 Ng3+ 47.
Ke1 Nxf5 48. dxc5 Bxc5 49. Bf1 Nd4 50. e7 Re8 51. Bxb5 Rxe7+ 52. Kf1 Nxb5 53.
Rd5 Re5 54. Rd8+ Kg7 55. Rd7+ Kg6 56. b4 Bb6 57. a4 Nc3 58. a5 Be3 59. Rd3 Nb5
60. Kg2 h5 61. Kf3 f5 62. Rd8 Nd4+ 63. Kg2 f4 64. Rd7 Kg5 65. Rxa7 f3+ 66. Kf1
Nf5 67. Ra8 Ng3+ 0-1

[Event "?"]
[Site "?"]
[Date "2011.08.12"]
[Round "1.13"]
[White "Vaerst, Joachim"]
[Black "Schwark, Mario"]
[Result "1-0"]
[WhiteElo "1954"]
[BlackElo "1842"]
[PlyCount "171"]
[EventDate "2011.??.??"]
[WhiteTeam "SV Erftstadt e.V."]
[BlackTeam "SG Kalker/Deutze"]

1. e4 c5 2. Nf3 d6 3. d4 cxd4 4. Qxd4 Qc7 5. Nc3 Nc6 6. Bb5 Bd7 7. Bxc6 Bxc6 8.
Bg5 Nf6 9. O-O-O h6 10. Bh4 O-O-O 11. Bxf6 gxf6 12. Qxa7 e6 13. Nd4 Rg8 14. g3
Be8 15. f4 Qc5 16. Qxc5+ dxc5 17. Ndb5 Be7 18. Rxd8+ Kxd8 19. Rd1+ Kc8 20. Nd6+
Bxd6 21. Rxd6 Kc7 22. Rd1 Bc6 23. Re1 h5 24. Re3 h4 25. Kd1 b5 26. a3 Kb6 27.
Ke1 b4 28. axb4 cxb4 29. Ne2 Kc5 30. e5 hxg3 31. hxg3 f5 32. Rd3 Bd5 33. c3 Rh8
34. cxb4+ Kxb4 35. Nc3 Rh1+ 36. Kd2 Rh2+ 37. Ke3 Bc4 38. Rd2 Rh3 39. Rg2 Rh1
40. g4 Rh3+ 41. Kf2 fxg4 42. Rxg4 Kb3 43. Ne4 Rh2+ 44. Ke3 Rxb2 45. Nd6 Kb4 46.
f5 Rb3+ 47. Kf2 Rc3 48. f6 Rc2+ 49. Kg3 Kc5 50. Nxf7 Be2 51. Rf4 Bh5 52. Ng5
Kd5 53. f7 Bxf7 54. Nxf7 Re2 55. Kg4 Rg2+ 56. Kf3 Rg1 57. Kf2 Ra1 58. Rf3 Ra4
59. Kg3 Ra8 60. Rd3+ Ke4 61. Rd7 Rg8+ 62. Kf2 Rf8 63. Ke2 Rg8 64. Kd2 Rg3 65.
Ra7 Kf5 66. Ra5 Rb3 67. Nd6+ Kf4 68. Nc4 Rh3 69. Nb2 Kf5 70. Nd3 Rh4 71. Kc3
Rh8 72. Ra7 Rc8+ 73. Kd4 Rf8 74. Re7 Ra8 75. Rf7+ Kg6 76. Rf6+ Kg5 77. Rxe6 Rf8
78. Ke4 Rf1 79. Re8 Kg6 80. Rg8+ Kf7 81. Rb8 Ke7 82. Rb7+ Ke6 83. Rb6+ Ke7 84.
Kd5 Rd1 85. Rb7+ Kd8 86. Ke4 1-0

[Event "?"]
[Site "?"]
[Date "2011.08.12"]
[Round "1.14"]
[White "Maczkowiak, Thomas"]
[Black "Eigemann, Julian"]
[Result "1/2-1/2"]
[WhiteElo "1834"]
[BlackElo "1954"]
[PlyCount "33"]
[EventDate "2011.??.??"]
[WhiteTeam "SG Ennepe-Ruhr-S"]
[BlackTeam "SG Porz e.V."]

1. Nf3 Nf6 2. g3 g6 3. Bg2 Bg7 4. O-O O-O 5. c4 d6 6. Nc3 e5 7. d4 Nc6 8. dxe5
dxe5 9. Qb3 Nd4 10. Nxd4 exd4 11. Nd5 c6 12. Nxf6+ Bxf6 13. e3 Qb6 14. Qc2 dxe3
15. Bxe3 Qa6 (15... Qxb2 16. Qxb2 Bxb2 17. Rab1 Be5) 16. Be4 Be6 17. Bd3
1/2-1/2

[Event "?"]
[Site "?"]
[Date "2011.08.12"]
[Round "1.15"]
[White "Gottas, Mike"]
[Black "Pister, Gottlieb"]
[Result "1/2-1/2"]
[WhiteElo "1949"]
[BlackElo "1833"]
[PlyCount "143"]
[EventDate "2011.??.??"]
[WhiteTeam "SV Wiehl 1923 e.V."]
[BlackTeam "SF Köln-Longerich 195"]

1. d4 d5 2. Nf3 c6 3. c3 Nf6 4. Bf4 e6 5. e3 Bd6 6. Bg3 Qe7 7. Bd3 Nbd7 8. Nbd2
e5 9. dxe5 Nxe5 10. Nxe5 Bxe5 11. Nf3 Bxg3 12. hxg3 Bg4 13. Qa4 Ne4 14. Qd4 Qf6
15. Rh4 h5 16. Bxe4 Qxd4 17. Nxd4 dxe4 18. f3 g5 19. Rh2 exf3 20. gxf3 Bd7 21.
O-O-O O-O-O 22. Rdh1 c5 23. Nb3 Bc6 24. Rxh5 Rxh5 25. Rxh5 Bxf3 26. Rxg5 Rd1+
27. Kc2 b6 28. Nd2 Be2 29. c4 Rg1 30. Rg8+ Kc7 31. Re8 Bh5 32. Re7+ Kc6 33.
Rxa7 Rxg3 34. Re7 Kd6 35. Ne4+ Kxe7 36. Nxg3 Bg6+ 37. Kc3 Kd6 38. b4 Ke5 39.
bxc5 bxc5 40. a4 f6 41. Ne2 Be8 42. a5 Bc6 43. Nf4 Ke4 44. Ne6 Kxe3 45. Nxc5 f5
46. Ne6 Ba8 47. a6 Ke4 48. Nc5+ Ke5 49. Nd7+ Ke4 50. Nb6 Bc6 51. Nd5 Ke5 52.
Ne7 Ba8 53. Kb4 Ke6 54. Ng6 Kd6 55. Kb5 Kc7 56. Nf4 Bc6+ 57. Kc5 Ba8 58. Ne6+
Kd7 59. Nd4 f4 60. Kb6 f3 61. Nc2 f2 62. Ne3 Bc6 63. Ka7 Kc7 64. c5 Bg2 65.
Nd5+ Kc6 66. Ne3 Kc7 67. Nd5+ Kc6 68. Ne3 Kb5 69. Kb8 Kxa6 70. Kc7 Kb5 71. Kd6
Kb4 72. Ke5 1/2-1/2

[Event "?"]
[Site "?"]
[Date "2011.08.12"]
[Round "1.16"]
[White "Dijkhuis, Tycho"]
[Black "Schmidt, Kai-Uwe"]
[Result "0-1"]
[WhiteElo "1831"]
[BlackElo "1927"]
[PlyCount "58"]
[EventDate "2011.??.??"]
[WhiteTeam "Moira Domtoren"]
[BlackTeam "Klub Kölner SF e.V. 1"]

1. e4 c5 2. Nf3 d6 3. d4 cxd4 4. Nxd4 Nf6 5. Nc3 Nc6 6. Be3 Ng4 7. Bb5 Nxe3 8.
fxe3 Bd7 9. O-O e6 10. Qf3 Qf6 11. Qe2 Qg5 12. Rf3 Be7 13. Raf1 Bf6 14. Bxc6
bxc6 15. Rg3 Qc5 16. Nb3 Qb6 17. Qh5 O-O-O 18. Qe2 c5 19. Qc4 Bc6 20. a4 Rd7
21. Rd1 Be5 22. Rf3 Qb4 23. Qa6+ Bb7 24. Qxa7 Bxe4 25. Qxd7+ Kxd7 26. Nxe4 Ke7
27. Nf2 c4 28. Nd4 Bxd4 29. exd4 Qxb2 0-1

[Event "?"]
[Site "?"]
[Date "2011.08.12"]
[Round "1.17"]
[White "Spradley, Julian"]
[Black "Mischke, Eckhard"]
[Result "1-0"]
[WhiteElo "1918"]
[BlackElo "1813"]
[PlyCount "71"]
[EventDate "2011.??.??"]
[WhiteTeam "SV Erftstadt e.V."]
[BlackTeam "Sportgemeinschaft Kaarst 1912/35"]

1. e4 d6 2. d4 g6 3. f4 Bg7 4. Nf3 Nf6 5. Bd3 c5 6. dxc5 Qa5+ 7. c3 Qxc5 8. Qe2
Bg4 9. Be3 Qh5 10. Nbd2 Nbd7 11. O-O-O Qa5 12. Kb1 Be6 13. Nb3 Qa4 14. Bd4 Bxb3
15. axb3 Qa5 16. e5 dxe5 17. fxe5 Nh5 18. e6 fxe6 19. Bxg7 Nxg7 20. Bb5 O-O-O
21. b4 Qc7 22. Ng5 a6 23. Ba4 Ne5 24. Rde1 Nd3 25. Nxe6 Nxe6 26. Qxe6+ Kb8 27.
Re3 Rhf8 28. Rd1 Nf4 29. Rxd8+ Rxd8 30. Qxe7 b5 31. Bc2 Nxg2 32. Re6 Rd7 33.
Qf8+ Rd8 34. Qf6 a5 35. Rb6+ Kc8 36. Rc6 1-0

[Event "?"]
[Site "?"]
[Date "2011.08.12"]
[Round "1.18"]
[White "Gnass, Arno"]
[Black "Ziabari, Morteza"]
[Result "0-1"]
[WhiteElo "1700"]
[BlackElo "1808"]
[PlyCount "120"]
[EventDate "2011.??.??"]
[WhiteTeam "Turnerschaft Bergisch-Gladbach 1"]
[BlackTeam "SF Köln-Müngersdorf 1935"]

1. d4 d5 2. Nf3 Nf6 3. c4 e6 4. e3 c6 5. Nc3 Nbd7 6. Qc2 Bd6 7. b3 O-O 8. Bd3
e5 9. cxd5 cxd5 10. dxe5 Nxe5 11. Be2 Qc7 12. Bb2 Ne4 13. Rc1 Bb4 14. O-O Nxc3
15. Bxc3 Bxc3 16. Qxc3 Qxc3 17. Rxc3 f6 18. Rfc1 Bd7 19. Nd4 a6 20. f4 Nc6 21.
Bf3 Nxd4 22. exd4 Bc6 23. Re3 Rae8 24. Rce1 Kf7 25. Kf2 Rxe3 26. Rxe3 g6 27.
Bg4 Re8 28. f5 Re4 29. Rxe4 dxe4 30. Ke3 Ke7 31. g3 Kd6 32. Bh3 Kd5 33. fxg6
hxg6 34. Bf1 b5 35. h4 f5 36. Be2 Be8 37. a4 Kc6 38. a5 Bf7 39. b4 Kd5 40. Bf1
Kd6 41. Be2 Ke7 42. g4 Kf6 43. h5 gxh5 44. gxf5 Kxf5 45. Bf1 Bd5 46. Bh3+ Kg5
47. Bc8 h4 48. Bh3 Bb7 49. Be6 Kf6 50. Bd7 Ke7 51. Bh3 Kd6 52. Bg2 Bc6 53. Bh3
Kd5 54. Bf1 Bd7 55. Bg2 Bf5 56. Bf1 h3 57. Kf4 h2 58. Bg2 Kxd4 59. Kg3 e3 60.
Kxh2 e2 0-1

[Event "?"]
[Site "?"]
[Date "2011.08.12"]
[Round "1.19"]
[White "Bigott, Martin"]
[Black "Dabringhaus, Christian"]
[Result "1-0"]
[WhiteElo "1802"]
[BlackElo "1691"]
[PlyCount "109"]
[EventDate "2011.??.??"]
[WhiteTeam "SF Lohmar 1974 e.V."]
[BlackTeam "Klub Kölner SF e.V. 1"]

1. d4 Nf6 2. Nf3 g6 3. Bf4 Bg7 4. e3 d6 5. h3 Nbd7 6. c3 O-O 7. Bc4 d5 8. Bb3
c6 9. Nbd2 b6 10. O-O Bb7 11. Re1 e6 12. Qc2 c5 13. a4 c4 14. Ba2 Re8 15. e4
dxe4 16. Ne5 Nh5 17. Bh2 f5 18. Ndxc4 Nxe5 19. Bxe5 Bxe5 20. Nxe5 Ng7 21. Rad1
Qe7 22. a5 b5 23. c4 bxc4 24. Bxc4 Rac8 25. Qb3 Kf8 26. Qa4 Red8 27. Bb5 Qd6
28. Re3 a6 29. Be2 Rc7 30. Rc3 Rdc8 31. Rdc1 Rxc3 32. Rxc3 Rxc3 33. bxc3 Ne8
34. Qb3 Bc8 35. Qb6 Qxb6 36. axb6 Ke7 37. c4 Kd6 38. c5+ Kd5 39. c6 Nd6 40. b7
Nxb7 41. cxb7 Bxb7 42. Nf7 a5 43. Bd1 Bc6 44. Nd8 Bd7 45. Nb7 a4 46. Nc5 Bb5
47. Bxa4 Bxa4 48. Nxa4 Kxd4 49. Nb6 e3 50. fxe3+ Kxe3 51. Nd7 Kd2 52. Kf2 h6
53. h4 h5 54. Ne5 Kc3 55. Ke3 1-0

[Event "?"]
[Site "?"]
[Date "2011.08.12"]
[Round "1.20"]
[White "Meyer, Stefan"]
[Black "Lecomte, Romain"]
[Result "0-1"]
[WhiteElo "1673"]
[BlackElo "1789"]
[PlyCount "116"]
[EventDate "2011.??.??"]
[WhiteTeam "SV Grevenbroich 1953"]

1. d4 d6 2. e4 g6 3. c4 Bg7 4. Nc3 Nc6 5. Be3 Nf6 6. d5 Ne5 7. f3 O-O 8. Bd3
Nh5 9. Nge2 f5 10. exf5 Nxd3+ 11. Qxd3 Bxf5 12. Qd2 Bd7 13. O-O e5 14. dxe6
Bxe6 15. b3 a6 16. Bd4 Qh4 17. Bxg7 Nxg7 18. Nd5 Qd8 19. Nef4 Qg5 20. Rad1 Bd7
21. Rfe1 Rae8 22. Rxe8 Rxe8 23. Re1 c6 24. Rxe8+ Nxe8 25. Nc3 Qe5 26. Ne4 Bf5
27. Ng3 Bb1 28. Nge2 Ng7 29. Nc3 Bf5 30. Nfe2 b5 31. cxb5 axb5 32. Ng3 Be6 33.
Nce4 d5 34. Qc3 Qxc3 35. Nxc3 d4 36. Nce4 Bf5 37. Kf2 Ne6 38. Nxf5 gxf5 39. Nd6
f4 40. b4 Kg7 41. Ke2 Kf6 42. Kd3 Ke5 43. Ne4 h6 44. h4 Ng7 45. g3 Nf5 46.
gxf4+ Kxf4 47. h5 Kxf3 48. Nf6 Kf4 49. Ng8 Kg5 50. Ke4 d3 51. Kxd3 Kxh5 52. Ke4
Kg5 53. Nxh6 Nxh6 54. Kd4 Nf7 55. Kc5 Ne5 56. Kd6 Kf6 57. Kc5 Ke6 58. Kb6 Kd5
0-1

[Event "?"]
[Site "?"]
[Date "2011.08.12"]
[Round "1.21"]
[White "Kuhn, Andreas"]
[Black "Meul, Willi"]
[Result "1/2-1/2"]
[WhiteElo "1785"]
[BlackElo "1672"]
[PlyCount "53"]
[EventDate "2011.??.??"]
[WhiteTeam "SG Niederkassel"]
[BlackTeam "SV 1925 Hürth-Berrenra"]

1. c4 Nf6 2. g3 g6 3. Bg2 Bg7 4. Nc3 d6 5. d4 O-O 6. Nf3 Nbd7 7. O-O e5 8. e4
c6 9. h3 Re8 10. d5 c5 11. Ne1 Nh5 12. Nd3 Nb6 13. b3 f5 14. Bb2 f4 15. g4 Nf6
16. Qe2 Bd7 17. Rfc1 a5 18. a4 g5 19. Ne1 h6 20. Nc2 Nc8 21. Na3 Na7 22. Bf3
Kf7 23. Kg2 Rh8 24. Rh1 Ne8 25. Bc1 Bf6 26. Bd2 b6 27. Nab5 1/2-1/2

[Event "?"]
[Site "?"]
[Date "2011.08.12"]
[Round "1.22"]
[White "Dijkhuis, Sven"]
[Black "Hübben, Dominik"]
[Result "1-0"]
[WhiteElo "1669"]
[BlackElo "1779"]
[PlyCount "73"]
[EventDate "2011.??.??"]
[WhiteTeam "MoiraDomtoren"]
[BlackTeam "Eschweiler SC 1921 e.V."]

1. e4 Nf6 2. e5 Nd5 3. d4 d6 4. c4 Nb6 5. exd6 exd6 6. Nc3 Be7 7. Bd3 Nc6 8.
Nge2 O-O 9. O-O Bf6 10. Be3 Nb4 11. Ne4 Be7 12. a3 Nxd3 13. Qxd3 d5 14. cxd5
Nxd5 15. Nf4 Nxf4 16. Bxf4 c6 17. Rad1 g6 18. Qb3 a5 19. d5 a4 20. Qc3 f5 21.
d6 Bh4 22. Nc5 b6 23. Qc4+ Rf7 24. d7 bxc5 25. dxc8=Q Qxc8 26. Qxc5 Bf6 27. Be5
Bxe5 28. Qxe5 Qc7 29. Qe6 Kg7 30. Rfe1 Rb8 31. Re2 Rb7 32. g3 Rf6 33. Qe8 Qf7
34. Qe5 Qe7 35. Qd4 Rd7 36. Re6 Qf7 37. Rxf6 1-0

[Event "?"]
[Site "?"]
[Date "2011.08.12"]
[Round "1.23"]
[White "Fieberg, Christoph"]
[Black "Reinartz, Ulrich"]
[Result "1-0"]
[WhiteElo "1776"]
[BlackElo "1668"]
[PlyCount "127"]
[EventDate "2011.??.??"]
[WhiteTeam "SG Porz e.V."]
[BlackTeam "vereinslos"]

1. e4 c5 2. Nf3 Nc6 3. d4 cxd4 4. Nxd4 e5 5. Nb3 Nf6 6. Bc4 Be7 7. O-O O-O 8.
Qe2 a6 9. a4 d6 10. Nc3 Be6 11. Nd5 Re8 12. Be3 Nd7 13. a5 Bf8 14. Rfd1 Ne7 15.
Qd3 Ng6 16. Nd2 Kh8 17. b4 f5 18. exf5 Bxd5 19. Qxd5 Nf6 20. Qxb7 Re7 21. Qf3
e4 22. Qh3 Ne5 23. Bb6 Qc8 24. Bb3 d5 25. Rac1 Rd7 26. Ba4 Rf7 27. Bd4 Neg4 28.
Bxf6 Nxf6 29. c3 Rc7 30. Nb3 Bd6 31. Qe3 Qxf5 32. Qb6 Qe5 33. g3 Ng4 34. Bc6
Qh5 35. h4 e3 36. Bxa8 exf2+ 37. Kg2 Re7 38. Rxd5 Re1 39. Qd8+ Qe8 40. Qxe8+
Rxe8 41. Rxd6 h5 42. Bf3 Re1 43. Nd2 Rxc1 44. Bxg4 hxg4 45. c4 Ra1 46. Kxf2 Ra4
47. Rb6 Ra2 48. Ke3 Ra3+ 49. Kf4 Rd3 50. Ne4 Rd4 51. Ke5 Rxc4 52. Ng5 g6 53.
Kf6 Rc8 54. Kxg6 Rg8+ 55. Kh6 Rf8 56. Kh5 Rc8 57. Kxg4 Kg7 58. Rxa6 Rc4+ 59.
Kf5 Rxb4 60. Ra7+ Kg8 61. Kf6 Rb8 62. Kg6 Rc8 63. Nh7 Rc6+ 64. Nf6+ 1-0

[Event "?"]
[Site "?"]
[Date "2011.08.12"]
[Round "1.24"]
[White "Faust, Maikel"]
[Black "Stelzer, Wolfgang"]
[Result "1/2-1/2"]
[WhiteElo "1661"]
[BlackElo "1771"]
[PlyCount "66"]
[EventDate "2011.??.??"]
[WhiteTeam "SG Porz e.V."]
[BlackTeam "SC Wittlich 1947"]

1. d4 d5 2. c4 dxc4 3. e3 e6 4. Bxc4 Nf6 5. Nf3 Be7 6. O-O O-O 7. b3 b6 8. Ba3
Bb7 9. Bxe7 Qxe7 10. Ne5 Nc6 11. Nxc6 Bxc6 12. Nd2 Rfd8 13. Qc2 Bb7 14. Bd3 g6
15. Ne4 Nd5 16. a3 Rac8 17. b4 f5 18. Ng3 Nf6 19. Ne2 Kg7 20. Bc4 Nd5 21. Nc3
Nf6 22. Qa4 Ra8 23. Ba6 Bxa6 24. Qxa6 Qd7 25. Qb5 Qd6 26. h3 a6 27. Qc4 b5 28.
Qb3 c6 29. Rfc1 Nd7 30. Nd1 a5 31. Qc3 axb4 32. axb4 Rxa1 33. Rxa1 Kf7 1/2-1/2